SWTANTRALADHA ANI SUMSTHANE (Record no. 4712)

MARC details
000 -LEADER
fixed length control field 00345nam a2200133Ia 4500
008 - FIXED-LENGTH DATA ELEMENTS--GENERAL INFORMATION
fixed length control field 220705s9999 xx 000 0 und d
041 ## - LANGUAGE CODE
Language code of text/sound track or separate title mar
082 ## - DEWEY DECIMAL CLASSIFICATION NUMBER
Classification number 362
100 ## - MAIN ENTRY--PERSONAL NAME
Personal name VINITA TELENG
9 (RLIN) 2149
245 ## - TITLE STATEMENT
Title SWTANTRALADHA ANI SUMSTHANE
260 ## - PUBLICATION, DISTRIBUTION, ETC. (IMPRINT)
Place of publication, distribution, etc. PUNE
Name of publisher, distributor, etc. BHARTIYE VICHAR SADHANA PRAKASHANPUNE
Date of publication, distribution, etc. 2022
300 ## - PHYSICAL DESCRIPTION
Extent 72
650 ## - SUBJECT ADDED ENTRY--TOPICAL TERM
Topical term or geographic name as entry element MISCELLNOUS
9 (RLIN) 2150
Holdings
Withdrawn status Lost status Damaged status Not for loan Home library Current library Date acquired Cost, normal purchase price Total Checkouts Full call number Barcode Date last seen Bill Date Koha item type
        Sitabai Nargundkar College of Nursing Nagpur Sitabai Nargundkar College of Nursing Nagpur 14/06/2022 70.00   362 SNCN-DB-64 05/05/2023 05/07/2022 Donated Book